Membres de l'Association des nations de l'Asie du Sud-Est (ASEAN) - Statistiques

Statistiques générales
  • Ce quiz a été pris 32 fois
  • Le résultat moyen est 9 sur 10
Statistiques - réponses
Date d'adhésion Membres % Correct
1995 Viet Nam
100%
1997 Laos
96%
1967 Thaïlande
96%
1967 Indonésie
92%
1997 Myanmar
92%
1999 Cambodge
88%
1967 Malaisie
88%
1967 Philippines
88%
1967 Singapour
88%
1984 Bruneï
80%
Aucun quiz correspondant
Distribution des résultats
% des personnes avec chaque résultat
Percentile par nombre de réponses
Votre historique - résultats
Vous n’avez pas pris ce quiz